Yo aprendo la hora / (Record no. 27073)
[ view plain ]
| 000 -LEADER | |
|---|---|
| fixed length control field | 00672nam a22002417a 4500 |
| 001 - CONTROL NUMBER | |
| control field | sjds |
| 003 - CONTROL NUMBER IDENTIFIER | |
| control field | sjds |
| 005 - DATE AND TIME OF LATEST TRANSACTION | |
| control field | 20240304203710.0 |
| 008 - FIXED-LENGTH DATA ELEMENTS--GENERAL INFORMATION | |
| fixed length control field | 220614b mx ||||| |||| 00| 0 spa d |
| 020 ## - INTERNATIONAL STANDARD BOOK NUMBER | |
| International Standard Book Number | 9706077405 |
| 020 ## - INTERNATIONAL STANDARD BOOK NUMBER | |
| International Standard Book Number | 9789706077400 |
| 020 ## - INTERNATIONAL STANDARD BOOK NUMBER | |
| International Standard Book Number | 9789686347555(series) |
| 040 ## - CATALOGING SOURCE | |
| Transcribing agency | sjds |
| 041 ## - LANGUAGE CODE | |
| Language code of text/sound track or separate title | spa |
| 100 10 - MAIN ENTRY--PERSONAL NAME | |
| Personal name | Mathiaud, Evelyne |
| 245 10 - TITLE STATEMENT | |
| Title | Yo aprendo la hora / |
| Statement of responsibility, etc. | Evelyne Mathiaud ; il. Gilbert Mas ; tr. Remedios Martínez G. |
| 260 ## - PUBLICATION, DISTRIBUTION, ETC. (IMPRINT) | |
| Place of publication, distribution, etc. | Mexico : |
| Name of publisher, distributor, etc. | Mega Eds., |
| Date of publication, distribution, etc. | 1990 |
| 300 ## - PHYSICAL DESCRIPTION | |
| Extent | [12] p. : |
| Other physical details | il. color ;. |
| Dimensions | 21 cm |
| 440 ## - SERIES STATEMENT/ADDED ENTRY--TITLE | |
| Title | Biblioteca los conejitos |
| 700 10 - ADDED ENTRY--PERSONAL NAME | |
| Personal name | Mas, Gilbert |
| 700 10 - ADDED ENTRY--PERSONAL NAME | |
| Personal name | Martinez Galan, Remedios |
| 942 ## - ADDED ENTRY ELEMENTS (KOHA) | |
| Koha item type | Libro/Book |
| Source of classification or shelving scheme | Dewey Decimal Classification |
| Withdrawn status | Lost status | Damaged status | Not for loan | Home library | Current library | Shelving location | Date acquired | Inventory number | Total Checkouts | Full call number | Barcode | Date last seen | Price effective from | Koha item type | Total Renewals | Checked out | Date checked out |
|---|---|---|---|---|---|---|---|---|---|---|---|---|---|---|---|---|---|
| Barbudos -- Satellite | Barbudos -- Satellite | 14/06/2022 | Inventory date: 7/7/25 | JI | 35802020 | 14/06/2022 | 14/06/2022 | Libro/Book | |||||||||
| Capulin -- Satellite | Capulin -- Satellite | 14/06/2022 | Inventory date: 7/7/25 | JI | 35102020 | 14/06/2022 | 14/06/2022 | Libro/Book | |||||||||
| Carrizal -- Satellite | Carrizal -- Satellite | 14/06/2022 | Inventory date: 13-1-25 | JI | 3700432 | 14/06/2022 | 14/06/2022 | Libro/Book | |||||||||
| Genizero -- Satellite | Genizero | 08/08/2022 | 1 | JI | 35602019 | 28/04/2024 | 08/08/2022 | Libro/Book | 02/06/2024 | 28/04/2024 | |||||||
| Las Brisas 1 -- Satellite | Las Brisas 1 -- Satellite | 14/06/2022 | JI | 40002226 | 14/06/2022 | 14/06/2022 | Libro/Book | ||||||||||
| Las Brisas 2 -- Satellite | Las Brisas 2 -- Satellite | 14/06/2022 | Inventory date: 7/4/25 | JI | 40102228 | 14/06/2022 | 14/06/2022 | Libro/Book | |||||||||
| Las Marias -- Satellite | Las Marias -- Satellite | 14/06/2022 | inventory date: 30/1/25 | JI | 3600407 | 14/06/2022 | 14/06/2022 | Libro/Book | |||||||||
| Las Pampas -- Satellite | Las Pampas -- Satellite | 14/06/2022 | inventory date: 17-1-25 | JI | 35702024 | 14/06/2022 | 14/06/2022 | Libro/Book | |||||||||
| Monte Cristo -- Satellite | Monte Cristo -- Satellite | 14/06/2022 | JI | 40202233 | 14/06/2022 | 14/06/2022 | Libro/Book | ||||||||||
| San Juan Del Sur -- Mobile | Pochote | 09/08/2022 | 2 | 33016371 | 17/10/2024 | 09/08/2022 | Libro/Book | 1 | 19/10/2023 | ||||||||
| San Jeronimo -- Satellite | San Jeronimo -- Satellite | 14/06/2022 | inventory date: 17-1-25 | JI | 35902228 | 14/06/2022 | 14/06/2022 | Libro/Book | |||||||||
| San Juan Del Sur -- Biblioteca | San Juan Del Sur -- Biblioteca | Children's Area | 14/06/2022 | Inventory date: 15-5-25 | ESTANTE ESPANOL | 30028873 | 14/06/2022 | 14/06/2022 | Libro/Book | ||||||||
| San Juan Del Sur -- Biblioteca | San Juan Del Sur -- Biblioteca | Children's Area | 16/01/2023 | Inventory date: 15-5-25 | JN ESpANOL | 30010334 | 16/01/2023 | 16/01/2023 | Libro/Book | ||||||||
| San Juan Del Sur -- Biblioteca | San Juan Del Sur -- Biblioteca | Children's Area | 16/01/2023 | Inventory date: 15-5-25 | 1 | JN ESpANOL | 30010321 | 08/01/2026 | 16/01/2023 | Libro/Book | 06/01/2026 | ||||||
| Sevadilla -- Satellite | Sevadilla | 14/06/2022 | Inventory date: 7/7/25 | 1 | JI | 35402018 | 18/03/2026 | 14/06/2022 | Libro/Book | 2 | 22/04/2026 | 18/03/2026 | |||||
| San Juan Del Sur -- Mobile | Tortuga | 09/08/2022 | 1 | 33016370 | 16/04/2024 | 09/08/2022 | Libro/Book | 21/05/2024 | 16/04/2024 | ||||||||
| Zaragoza -- Satellite | Zaragoza -- Satellite | 14/06/2022 | Inventory date: 7/7/25 | JI | 35502015 | 14/06/2022 | 14/06/2022 | Libro/Book |